000
00318nam a2200133Ia 4500
008
191201s2013 xx 000 0 und d
100
_a
SILBERSCHATZ, Abraham
245
0
_a
Database System Concepts
250
_a
6th
260
_a
New Delhi
_b
TMH
_c
2013
300
_a
1349
650
_a
M.Tech(CSE)
942
_2
ddc
_c
BK
_0
3
999
_c
5989
_d
5989